=LDR 00000nam 2200000 4500 =001 INLIS000000000029305 =005 20130612131540 =008 ***********************************Ind** =035 ##$$0010-061300000029305 =041 ##$$a Ind =082 ##$$a 371.394 4 =090 ##$$a 371.394 4, Roh m =100 ##$$a Rohani HM, Ahmad =245 ##$$a Media instruksional edukatif, Ahmad Rohani HM =260 ##$$a 1997 $b Jakarta =300 ##$$a x, 117 hlm, ilus, 22 cm =650 ##$$a Media Instruksional =850 ##$$a NBPNMAT =990 ##$$a 0001/BPAP-NTB/2016